[Event "Guadalajara Peoneros op 1st"]
[Site "Guadalajara"]
[Date "2020.02.15"]
[Round "5"]
[White "Ramirez Espinoza, Sergio Leonardo"]
[Black "Barragan Villasenor, Dayielef"]
[Result "0-1"]
[WhiteElo "998"]
[BlackElo "687"]
[PlyCount "106"]
[EventDate "2020.01.11"]
[EventType "swiss"]
[EventRounds "5"]
[EventCountry "MEX"]
[SourceTitle "CBM 195 Extra"]
[Source "ChessBase"]
[SourceDate "2020.05.31"]
[SourceVersion "1"]
[SourceVersionDate "2020.05.31"]
[SourceQuality "1"]

1. d4 Nf6 2. c4 e6 3. Nc3 b6 4. e4 d6 5. e5 dxe5 6. dxe5 Qxd1+ 7. Nxd1 Ng4 8. Nf3 Nd7 9. Be2 Ngxe5 10. Nxe5 Nxe5 11. Nc3 Bb7 12. 0-0 Bb4 13. Nb5 Bd6 14. Bf4 a6 15. Nc3 0-0 16. a3 Nxc4 17. Bxd6 Nxd6 18. Rad1 Rfd8 19. Bd3 Ne8 20. Be4 Bxe4 21. Nxe4 f5 22. Nc3 Nf6 23. f3 Kf7 24. Kf2 Rxd1 25. Rxd1 Ke7 26. Ke3 Rd8 27. Rxd8 Kxd8 28. h3 Nd5+ 29. Nxd5 exd5 30. Kd4 c6 31. g4 fxg4 32. fxg4 Ke7 33. b4 Kf6 34. h4 Kg6 35. Ke5 h5 36. g5 Kf7 37. Kf5 d4 38. Ke4 Ke6 39. Kxd4 Kf5 40. Ke3 Kg4 41. Ke4 Kxh4 42. Kf5 c5 43. g6 c4 44. Ke6 c3 45. Kf7 c2 46. Kxg7 c1Q 47. Kh7 Qc2 48. b5 axb5 49. Kh8 Qxg6 50. a4 b4 51. a5 b3 52. axb6 b2 53. b7 b1R 0-1